| 000 | nam a22 7a 4500 | ||
|---|---|---|---|
| 999 |
_c4246 _d4246 |
||
| 005 | 20170525161928.0 | ||
| 008 | 170525b1963 ny ||||| |||| 00| 0 eng d | ||
| 040 | _aAKMAL | ||
| 100 |
_aBuchan, Alastair _98307 |
||
| 245 |
_aThe U.S.A. _cAlastair Buchan |
||
| 260 |
_aLondon : _bOxford University Press, _c1963 |
||
| 300 |
_a122p _ccm |
||
| 942 |
_2ddc _cBOOK |
||